Statistics for Top 100 Baseball Players of All Time

Click here to take the quiz!

General Stats

  • This quiz has been taken 76,242 times
    (35,806 since last reset)
  • The average score is 39 of 100

Answer Stats

#RetiredTeamPlayer% Correct
11935YankeesBabe Ruth
98%
82007GiantsBarry Bonds
84%
15activeAngelsMike Trout
83%
31976BravesHank Aaron
78%
21973GiantsWillie Mays
70%
282014YankeesDerek Jeter
69%
71968YankeesMickey Mantle
69%
61939YankeesLou Gehrig
67%
632016Red SoxDavid Ortiz
66%
59activeTigersMiguel Cabrera
66%
30activeCardinalsAlbert Pujols
65%
132010MarinersKen Griffey Jr.
65%
51960Red SoxTed Williams
65%
52activeDodgersClayton Kershaw
64%
262016YankeesAlex Rodriguez
63%
41928TigersTy Cobb
63%
242009MarinersRandy Johnson
61%
381956DodgersJackie Robinson
60%
91927SenatorsWalter Johnson
59%
782012BravesChipper Jones
57%
671977OriolesBrooks Robinson
55%
191976RedsFrank Robinson
55%
902011RangersIvan Rodriguez
55%
94activeNationalsBryce Harper
54%
161951YankeesJoe DiMaggio
54%
341986RedsPete Rose
53%
112009Red SoxPedro Martinez
52%
65activeNationalsMax Scherzer
50%
142008BravesGreg Maddux
49%
551986A'sReggie Jackson
49%
271972PiratesRoberto Clemente
49%
891920White SoxShoeless Joe Jackson
49%
662001OriolesCal Ripken Jr.
48%
232003A'sRickey Henderson
47%
462019MarinersIchiro Suzuki
46%
312013YankeesMariano Rivera
46%
72activeTigersJustin Verlander
45%
421993AngelsNolan Ryan
45%
101963CardinalsStan Musial
45%
121917PiratesHonus Wagner
44%
181989PhilliesMike Schmidt
44%
291983RedsJohnny Bench
43%
211911SpidersCy Young
42%
691996CardinalsOzzie Smith
42%
172007Red SoxRoger Clemens
42%
321966DodgersSandy Koufax
42%
391965YankeesYogi Berra
42%
331975CardinalsBob Gibson
40%
492008White SoxFrank Thomas
40%
442001PadresTony Gwynn
39%
351946GraysJosh Gibson
38%
682011Red SoxManny Ramirez
37%
431993RoyalsGeorge Brett
36%
511971CubsErnie Banks
35%
772011ExposVladimir Guerrero
35%
221986MetsTom Seaver
34%
611983Red SoxCarl Yastrzemski
33%
932009BravesJohn Smoltz
31%
371984RedsJoe Morgan
30%
982012IndiansJim Thome
29%
812008MetsMike Piazza
29%
641968BravesEddie Mathews
28%
801993BrewersRobin Yount
28%
411965MonarchsSatchel Paige
28%
701975TwinsHarmon Killebrew
27%
451999Red SoxWade Boggs
27%
401945A'sJimmie Foxx
26%
731980GiantsWillie McCovey
26%
881982PiratesWillie Stargell
26%
972018RangersAdrian Beltre
25%
711974TigersAl Kaline
25%
201937CardinalsRogers Hornsby
24%
841998BrewersPaul Molitor
23%
601967YankeesWhitey Ford
23%
501953IndiansBob Feller
22%
251916GiantsChristy Mathewson
22%
911997CubsRyne Sandberg
22%
851984OriolesJim Palmer
21%
751985TwinsRod Carew
21%
922013Blue JaysRoy Halladay
21%
581988PhilliesSteve Carlton
21%
1002004RedsBarry Larkin
20%
621947GiantsMel Ott
20%
871993White SoxCarlton Fisk
18%
361928IndiansTris Speaker
18%
471965BravesWarren Spahn
18%
951964DodgersDuke Snider
17%
791947TigersHank Greenberg
16%
541947A'sLefty Grove
16%
481916IndiansNap Lajoie
16%
862004Blue JaysRoberto Alomar
16%
831957DodgersRoy Campanella
16%
561995YankeesDave Winfield
15%
741975GiantsJuan Marichal
14%
761897WhitestockingsCap Anson
13%
991987BravesPhil Niekro
13%
571930PhilliesGrover Alexander
12%
821930A'sEddie Collins
10%
961942TigersCharlie Gehringer
8%
531941CrawfordsOscar Charleston
7%

Score Distribution

Percentile by Number Answered

Percent of People with Each Score

Your Score History

You have not taken this quiz since the last reset